00649cam a22001817a 4500020001500000040000800015082002600023245003600049260003900085300003300124650003500157700002500192700002300217856006800240942000700308999001700315952013500332 a041528788X cUKM04a538 TAY 2003 A062 Or.00aAdvances in nonlinear dynamos / aLondon :bTaylor & Francis,c2003. aix, 384 p. :bill. ;c26 cm. 0aDynamo theory (Cosmic physics)1 aFerriz-Mas, Antonio.1 aNúñez, Manuel.42uhttp://www.loc.gov/catdir/enhancements/fy0646/2005281012-d.html cEK c15056d15056 0010406538_000000000000000_TAY_2003_A062_OR70967792aLBAbLBAcA062d2017-11-02o538 TAY 2003 A062 Or.pA07240r2017-11-02yEK